Filosofía del lenguaje
Guardat en:
| Autor principal: | |
|---|---|
| Format: | Llibre |
| Idioma: | espanyol |
| Publicat: |
Barcelona
Martínez Roca
1971
|
| Matèries: | |
| Etiquetes: |
Afegir etiqueta
Sense etiquetes, Sigues el primer a etiquetar aquest registre!
|
MARC
| LEADER | 00000nam a2200000 a 4500 | ||
|---|---|---|---|
| 001 | UCZ0049 | ||
| 003 | CL-VaPUC | ||
| 008 | 950724e19710000SP |||||||||||||||||spa|d | ||
| 082 | 0 | 4 | |a 401 |b KAT |2 21 |
| 100 | |a Katz, Jerrold J |e author |9 523112 | ||
| 245 | 1 | 0 | |a Filosofía del lenguaje |
| 300 | |a 262 p | ||
| 942 | |c BK | ||
| 945 | |d 19950724 00:00:00 |a cmena | ||
| 260 | |a Barcelona |b Martínez Roca |c 1971 | ||
| 650 | 0 | |a Lingüística |9 265068 | |
| 650 | 0 | |a Filosofía |9 223554 | |
| 650 | 7 | |a TEORIA LINGUISTICA |2 CL-VaPUC |9 334835 | |
| 650 | 0 | |a Filología |9 321245 | |
| 583 | |a last modification |c 19950724 00:00:00 |k Rodrigo Vera | ||
| 999 | |c 237023 |d 237021 | ||
| 952 | |0 0 |1 0 |4 0 |6 401_000000000000000_KAT_1971 |7 0 |8 A |9 245680 |a BIBEDU |b BIBEDU |d 2019-11-18 |i 1542079 |o 401 KAT 1971 |p 1542079 |r 2019-11-18 |w 2019-11-18 |y BK |k EDU | ||
| 952 | |0 0 |1 0 |4 0 |6 401_000000000000000_KAT_1971 |7 0 |8 A |9 245681 |a FDOPOS |b FDOPOS |d 2019-11-18 |i 4316576 |o 401 KAT 1971 |p 4316576 |r 2025-01-22 |w 2019-11-18 |y BK |k MLA | ||